000 00954nab a2200277 u 4500
001 04963
003 HDC
007 cr bn ---
008 210118p2011 n |0 eng
022 _a0309-1740
040 _aHDC
100 _aDemirhan, Yasemin
_eauthor
_95192
245 0 _aDetection of porcine DNA in gelatine and gelatine-containing processed food products-Halal/Kosher authentication /
_cYasemin Demirhan
260 _bElsevier Ltd.,
_c2011
336 _atext
_2rdacontent
337 _acomputer
_2rdamedia
338 _aonline resource
_2rdacarrier
650 _aGelatine
_94572
650 _aHalal authentication
_9435
650 _aKosher authentication
_95193
650 _aReal-time PCR
_95194
856 _zRequest full-text at [email protected]
942 _2lcc
942 _cAR
942 _kJART 000503
999 _c2287
_d2287